| 000 | 00446cam a2200181ua 4500 | ||
|---|---|---|---|
| 020 | _c2.00 | ||
| 041 |
_ahin _h |
||
| 082 |
_a891.43 _bPRE/GR |
||
| 100 | _aPremchand, . | ||
| 245 |
_aGramya-Jeevan ki kahaniyam / _cPremchand. _hTextual Documents |
||
| 250 |
_a8 / _b. |
||
| 260 |
_aMumbai : _bHindi grandh ratnakar karyalay , _c1952. |
||
| 300 | _a164 ; . | ||
| 365 | _a2.00 | ||
| 504 | _a | ||
| 942 | _cBK | ||
| 999 |
_c12139 _d12139 |
||